| 000 | 00511nam a2200181 a 4500 | ||
|---|---|---|---|
| 005 | 20140412111429.0 | ||
| 008 | 090226s19uu xx 00 eng d | ||
| 020 | _a0-439-33490-x | ||
| 050 |
_aTR(PS E _bTo55 2002 |
||
| 100 | _aRex, Michael | ||
| 245 |
_aThe Tooth fairy / _cMichael Rex. |
||
| 260 |
_aU.S.A : _bScholastic, _c2002. |
||
| 300 | _aunp. | ||
| 440 | _aWord by word first reader | ||
| 520 | _aA Visit from a Tooth fairy begins an adventure. | ||
| 650 | _aTooth fairy-fiction | ||
| 999 |
_c106318 _d106318 |
||